Integración "integral" e integración "marginalizante" /

Guardado en:
Bibliografiske detaljer
Hovedforfatter: Camacho Monge, Daniel
Andre forfattere: Quirós Martin, Teresa, Jirón, Cecilia de
Format: Texto
Sprog:Spanish
Udgivet: San José : 1977
Fag:
Tags: Tilføj Tag
Ingen Tags, Vær først til at tagge denne postø!

MARC

LEADER 00000 a a2200000 04500
001 16669
003 cru CIDCACS/IIS
005 20231205091301.0
008 231205b |||||||| |||| 00| 0 spa d
040 |c cru CIDCACS/IIS 
090 |a 01.02.01 C172i 
100 |a Camacho Monge, Daniel  
245 |a Integración "integral" e integración "marginalizante" /  |c Daniel Camacho Monge  
260 |a San José :   |c 1977 
300 |a 34 p.  
650 |a INTEGRACION REGIONAL  
700 |a Quirós Martin, Teresa  
700 |a Jirón, Cecilia de  
942 |2 z  |c LI  |h 01.02.01 C172i  |i 09000  |6 010201_C172I_09000 
999 |c 14939  |d 14939